Κατάλογος Βιβλιοθηκών Mediterranean College

Ιατροψυχολογικά Θέματα / Εξελίξεις στην Νευρολογία και Ψυχιατρική Ενηλίκου και Παιδιού (Record no. 1874)

MARC details
000 -LEADER
fixed length control field 02754cam a22001934a 4500
005 - ΗΜΕΡΟΜΗΝΙΑ ΚΑΙ ΩΡΑ ΤΕΛΕΥΤΑΙΑΣ ΕΝΗΜΕΡΩΣΗΣ
Πεδίο ελέγχου 20250605164022.0
008 - FIXED-LENGTH DATA ELEMENTS--GENERAL INFORMATION
Πεδίο ελέγχου σταθερού μήκους 250528s ||||||||||||||||||||||||d
035 ## - SYSTEM CONTROL NUMBER
System control number 16365
020 ## - ISBN
ISBN 9603441929
040 ## - ΠΗΓΗ ΚΑΤΑΛΟΓΟΓΡΑΦΗΣΗΣ
Φορέας πρωτότυπης καταλογογράφησης MC Athens Campus Library
Γλώσσα καταλογογράφησης Ελληνικά, Μοντέρνα (1453-)
Modifying agency MC Athens Campus Library
Κανόνες περιγραφικής καταλογογράφησης AACR2
245 1# - ΤΙΤΛΟΣ ΚΑΙ ΔΗΛΩΣΗ ΥΠΕΥΘΥΝΟΤΗΤΑΣ
Τίτλος Ιατροψυχολογικά Θέματα / Εξελίξεις στην Νευρολογία και Ψυχιατρική Ενηλίκου και Παιδιού
260 ## - PUBLICATION, DISTRIBUTION, ETC.
Name of publisher, distributor, etc. Ελληνικά Γράμματα,
Date of publication, distribution, etc. 1996
300 ## - PHYSICAL DESCRIPTION
Extent 336
520 ## - SUMMARY, ETC.
Summary, etc. Στο παρόν βιβλίο φαίνεται το σημαντικό έργο που έχει επιτελέσει η διεξαγωγή του 3ου Διεθνούς Συνεδρίου της ΕΨΨΕΠ και η συμβολή στην εξέλιξη της μοντέρνας Ψυχιατρικής και Ψυχολογίας στη χώρα μας. Πρόλογος, Γενικά Θέματα, Θεώρηση της Νευροψυχιατρικής από την Σκοπιά του Γενικού Γιατρού, Η Θεραπεία των Ψυχικών Διαταραχών σύμφωνα με τη Νεοελληνική Λαϊκή Παράδοση, Ιατρικό Απόρρητο, Ψυχιατροδικαστικά Προβλήματα στην Καθημερινή Ιατρική Πρακτική, Ψυχιατρική Πραγματογνωμοσύνη, Ικανότητα και Δικαιοπραξία, Τα Όρια της Ευθύνης στην Ψυχιατρική, Παραφιλίες και Εμπλοκή με το Νόμο, Η Γυναίκα της Επαρχίας, Νευρολογικά Θέματα, AIDS και Νευροψυχιατρικές Διαταραχές, Σύγχρονες Θεραπευτικές Απόψεις στη Σκλήρυνση Κατα Πλάκας, Νόσος του Parkinson, Ψυχιατρικά Θέματα, Παραλητικά Σύνδρομα Παραγνώρισης, AIDS και Ψυχιατρική Γενικού Νοσοκομείου, Μονάδα Εντατικής Ψυχιατρικής Θεραπείας, Ο Γιατρός και η Ψυχοθεραπεία και το Φάρμακο, Ψυχιατρική Κινησιοθεραπεία, Αυτοκτονία και Ευθανασία και Στίγμα, Παιδοψυχιατρικά Θέματα, Η Εκπαίδευση των Ατόμων με Ειδικές Ανάγκες, Προτιμήσεις Παιχνιδιών στα Παιδιά, Οικογένεια και Παιδί, Κακοποίηση του Παιδιού, Ψυχολογικά Προβλήματα Παιδιών και Νέων.
700 1# - ΠΡΟΣΘΕΤΗ ΑΝΑΓΡΑΦΗ--ΦΥΣΙΚΟ ΠΡΟΣΩΠΟ
Personal name Κούρος Ιωάννης
9 (RLIN) 2459
942 ## - ADDED ENTRY ELEMENTS (KOHA)
Koha item type Books
Holdings
Τύπος τεκμηρίου Βιβλιοθήκη Τρέχουσα τοποθεσία Barcode Αριθμός εισαγωγής Ημερομηνία απόκτησης Ταξιθετικό σύμβολο Αριθμός αντιτύπου Κατάσταση απόσυρσης Κατάσταση χαμένου Κατάσταση κατεστραμμένου Μη δανεισμός Σύνολο δανεισμών Ημερομηνία τελευταίας εμφάνισης Η τιμή ισχύει από
Books MC Athens Campus Library MC Athens Campus Library 9780000018731 4060 05/06/2025 616.0019 KOU 1           05/06/2025 05/06/2025

MC Athens Campus Library
Πατησίων 94 & Κοδριγκτώνος 13, 104 34
Πελλήνης 8 & Πατησίων 107, 112 51
Τ: +30 210 8899600

MC Thessaloniki Campus Library
Ίωνος Δραγούμη 21, 54625 | Ίωνος Δραγούμη 15, 54625
Τ: +30 2310 287779 – Τ: +30 2314 440300